000 00234nam a2200085Ia 4500
005 20250523150955.0
008 250523s9999 xx 000 0 und d
245 0 _aEce Yüce/Ay Dede Kime Gülümsüyordu
_cGülten Dayıoğlu
260 _bALTIN
999 _c11942
_d11942